000 00767nam a2200289Ia 4500
001 33845
003 IT-RoPAU
008 130308s9999 xx 000 0 und d
040 _aIT-RoPAU
040 _cIT-RoPAU
041 _aINGLESE
100 _aSavage Roger
100 _gCodice Aut. SPICS: 14944
245 _aRadio Plays of Henry Reed (The)
245 _bBritish Radio Drama
260 _aCAMBRIDGE
260 _bCambridge University Press
260 _c1981 [1° Ed.:1981 - Ed.Ling.Originale:1981]
300 _a"3 p. (prefazione: no ; testo: [pagine: 158-190])"
500 _aRadiodrammi di Henry Reed
650 _aGENERI RADIOFONICI
650 _eCodice materia Spics: 6910
942 _cBK
957 _71
999 _c56849
_d56849
999 _bSI
999 _g1